000 02053nam a2200373 c 4500
003 BLK
005 20180422114425.0
008 180411b bul|||||r ||||||| ||bul||
010 _aKNG00179187000
020 _a978-619-00-0218-5
_bиздат.: Фабер
040 _aBLK
041 _aBUL
_cBUL
072 7 _2bullib
_aН50
_xЕстествени науки. Математика и др. Н
080 _aОпазване на растенията и на животните - Резервати за растения и животни, опазване отделните видове се изразява с отношение към съответните индекси
_b502.7
_x(497.216-32)
_z502.7(497.216-32)
100 1 _aДжанабетска, Камелия Георгиева
_eпърви автор
_9375496
700 1 _aСтанчев, Светослав Николаев
_eсъавт.
_9338734
139 _aДжанабетска, Камелия Георгиева и др.
_bД 49
245 1 0 _aЗащитени територии във Великотърновска област - резерват "Бяла крава" и поддържани резервати "Хайдушки чукар" и "Савчов чаир"
_cКамелия Георгиева Джанабетска; съавт. Светослав Николаев Станчев.
257 _aBGR
260 В. Търново
_bФабер
_c2014
300 _a100 с.
_bс ил.
_c24 см
380 _a5
500 _aИзд. на Регион. инспекция по околната среда и водите - В. Търново. - Библиогр.: с. 67-69
650 4 _aРезервати - България
_9246293
651 4 _aВеликотърновско
_9178699
653 _aрезервати
653 _aзащитени местности
659 _aН
852 _aЦб 278327
856 4 _qpdf
_u
856 4 _qpdf
_u
942 _cKNG
_n0
944 _aCR
_c02.12.2015
_kВиолета_Тройчева
944 _aED
_c02.08.2016
_kГеновева_Генчева
999 _c170955
_d170955